[Event "13th S&WYM"]
[Site "Millfield School ENG"]
[Date "2003.07.09"]
[Round "1"]
[White "Prokopchuk,E"]
[Black "Trent,L"]
[Result "1/2-1/2"]
[WhiteElo "2504"]
[BlackElo "2299"]
[EventDate "2003.07.09"]

1. e4 e5 2. Bc4 Nf6 3. d3 Nc6 4. Nc3 Bb4 5. Nge2 d5 6. exd5 Nxd5 7. O-O Be6
8. Bb5 O-O 9. Bxc6 bxc6 10. Ne4 Be7 11. b3 f5 12. Nd2 f4 13. Bb2 Bg4 14.
Re1 Bd6 15. h3 Bh5 16. c4 Nb4 17. Ne4 c5 18. f3 Be7 19. Bxe5 Nxd3 20. Bxc7
Qxc7 21. Qxd3 Rad8 22. Qc2 Qe5 23. Rad1 Bg6 24. N2c3 Bh4 25. Re2 Rd4 26.
Nd5 Re8 27. Ndc3 Rxd1+ 28. Qxd1 Qd4+ 29. Kf1 Rxe4 30. fxe4 Qxc3 31. Qd5+
Kf8 32. Qd6+ Be7 33. Qxf4+ Qf6 34. Qxf6+ Bxf6 35. Kf2 Bd4+ 36. Kf3 Ke7 37.
Rd2 Ke6 38. Kf4 h6 39. Rd1 Bh7 40. h4 Be5+ 41. Ke3 Bf6 42. Rd5 Be7 43. g3
a5 44. g4 Bg6 45. Kf4 Bd6+ 46. e5 Be7 47. g5 Be8 48. Rd1 1/2-1/2

[Event "13th S&WYM"]
[Site "Millfield School ENG"]
[Date "2003.07.09"]
[Round "1"]
[White "Bigg,A"]
[Black "Antal,Ge"]
[Result "1/2-1/2"]
[WhiteElo "2287"]
[BlackElo "2475"]
[EventDate "2003.07.09"]

1. d4 f5 2. Nf3 Nf6 3. Bg5 e6 4. Nbd2 Be7 5. Bxf6 Bxf6 6. e4 fxe4 7. Nxe4
b6 8. Bd3 Bb7 9. Qe2 Nc6 10. c3 Qe7 11. O-O-O O-O-O 12. Ba6 g5 13. Rhe1 h6
14. Nfd2 Qf7 15. Bxb7+ Kxb7 16. Qb5 Be7 17. Nb3 Rhe8 18. a4 Ka8 19. Kc2 Nb8
20. a5 d5 21. axb6 cxb6 22. Ng3 Bd6 23. Re2 Rc8 24. Rde1 Nc6 25. Kb1 Kb7
26. Qd3 Re7 27. Nf1 Rce8 28. Ne3 h5 29. h3 a6 30. Nd2 1/2-1/2

[Event "13th S&WYM"]
[Site "Millfield School ENG"]
[Date "2003.07.09"]
[Round "1"]
[White "Haslinger,S"]
[Black "Buckley,Si"]
[Result "1-0"]
[WhiteElo "2414"]
[BlackElo "2267"]
[EventDate "2003.07.09"]

1. e4 d5 2. exd5 Qxd5 3. Nc3 Qe5+ 4. Be2 c6 5. Nf3 Qc7 6. d4 Bf5 7. Ne5 Nd7
8. Bf4 Nxe5 9. Bxe5 Qa5 10. a3 e6 11. O-O Bg6 12. Bf3 Nf6 13. b4 Qd8 14.
Qe2 Be7 15. Rfd1 O-O 16. Na4 Nd7 17. Nc5 Qc8 18. Qc4 b5 19. Qb3 Nb6 20. a4
a6 21. a5 Nd5 22. Be2 f6 23. Bg3 Rd8 24. Ra2 Bf7 25. c4 bxc4 26. Bxc4 Bxc5
27. bxc5 e5 28. Rb2 Rb8 29. Qxb8 Qxb8 30. Rxb8 Rxb8 31. dxe5 Rb4 32. Bxa6
f5 33. f3 Ra4 34. Be1 Be6 35. Bb7 Bd7 36. e6 Be8 37. a6 Kf8 38. Bg3 f4 39.
Bh4 Ne3 40. Rc1 h6 41. Bd8 Ra2 42. Bb6 Rxg2+ 43. Kh1 Bh5 44. Bxc6 1-0

[Event "13th S&WYM"]
[Site "Millfield School ENG"]
[Date "2003.07.09"]
[Round "1"]
[White "Addison,B"]
[Black "Hanley,C"]
[Result "0-1"]
[WhiteElo "2251"]
[BlackElo "2387"]
[EventDate "2003.07.09"]

1. c4 e6 2. Nf3 f5 3. g3 Nf6 4. Bg2 Be7 5. O-O O-O 6. d4 d6 7. b4 c6 8. a4
e5 9. dxe5 dxe5 10. Nxe5 Qxd1 11. Rxd1 Bxb4 12. Nd3 Be7 13. Nc3 Na6 14. Rb1
Nd7 15. Be3 Ndc5 16. a5 Re8 17. Bd4 Nxd3 18. exd3 Bb4 19. Rb3 Bxa5 20. Ra3
Bb6 21. Bxb6 axb6 22. d4 f4 23. gxf4 Bg4 24. f3 Bf5 25. Ne4 Rad8 26. Ng3
Rf8 27. Re3 Bc8 28. Ne2 Nb4 29. Rb3 c5 30. d5 Bf5 31. Rc3 Ra8 32. Ng3 Bd7
33. f5 Bxf5 34. Nxf5 Rxf5 35. Bh3 Re5 36. Rd2 Kf8 37. Kf2 Rd8 38. Kg3 Rg5+
39. Kf4 h6 0-1

[Event "13th S&WYM"]
[Site "Millfield School ENG"]
[Date "2003.07.09"]
[Round "1"]
[White "Pinter,G"]
[Black "Broomfield,M"]
[Result "1-0"]
[WhiteElo "2376"]
[BlackElo "2249"]
[EventDate "2003.07.09"]

1. e4 e6 2. d3 d5 3. Qe2 dxe4 4. dxe4 e5 5. Nf3 Nc6 6. c3 Nf6 7. g3 a5 8.
a4 Bc5 9. Bg2 b6 10. Na3 Qe7 11. Nb5 O-O 12. O-O Ba6 13. Nh4 g6 14. Qf3 Ne8
15. Bh6 Ng7 16. Rfd1 Rfd8 17. Bf1 Ne8 18. Bc4 Rxd1+ 19. Rxd1 Nd8 20. Bg5
1-0

[Event "13th S&WYM"]
[Site "Millfield School ENG"]
[Date "2003.07.09"]
[Round "1"]
[White "Nixon,T"]
[Black "Dearing,E"]
[Result "0-1"]
[WhiteElo "2226"]
[BlackElo "2367"]
[EventDate "2003.07.09"]

1. d4 d6 2. e4 Nf6 3. f3 d5 4. e5 Ng8 5. Bd3 c5 6. c3 Nc6 7. Ne2 Qb6 8. b3
Bd7 9. Bb2 Nh6 10. Nd2 cxd4 11. cxd4 Nf5 12. Bxf5 Bxf5 13. a3 e6 14. Rc1
Be7 15. h3 O-O 16. f4 f6 17. Nf3 Na5 18. Nd2 Bd3 19. O-O fxe5 20. fxe5
Rxf1+ 21. Nxf1 Bxe2 22. Qxe2 Nxb3 23. Rd1 Rc8 24. Qg4 Rc2 25. Ba1 Bxa3 26.
Rb1 Rc1 27. Rxb3 Qxb3 28. Qxe6+ Kf8 29. Qf5+ Ke7 30. Qg5+ Kd7 31. Qg4+ Kc6
32. Qc8+ Kb6 33. Qd8+ Ka6 34. Qd7 Rxa1 35. Qe6+ Ka5 36. Qe8 Qe3+ 0-1

[Event "13th S&WYM"]
[Site "Millfield School ENG"]
[Date "2003.07.09"]
[Round "1"]
[White "Jones,G"]
[Black "Gordon,S"]
[Result "1-0"]
[WhiteElo "2347"]
[BlackElo "2216"]
[EventDate "2003.07.09"]

1. e4 c5 2. Nf3 d6 3. c3 Nf6 4. Be2 g6 5. O-O Bg7 6. Bb5+ Bd7 7. Bxd7+ Qxd7
8. Re1 O-O 9. d4 Na6 10. d5 Nc7 11. a4 e6 12. c4 exd5 13. cxd5 Rae8 14. Nc3
Ng4 15. h3 Ne5 16. Nxe5 Bxe5 17. Bh6 Bg7 18. Bxg7 Kxg7 19. f4 Re7 20. e5
Na6 21. Nb5 dxe5 22. fxe5 Qf5 23. Qe2 Nb4 24. d6 Rd7 25. Rf1 Qg5 26. Nc7
Rxc7 27. dxc7 Nd5 28. e6 Nxc7 29. Rxf7+ Rxf7 30. exf7 Kxf7 31. Qf3+ 1-0

[Event "13th S&WYM"]
[Site "Millfield School ENG"]
[Date "2003.07.09"]
[Round "1"]
[White "Buckley,M"]
[Black "Dvorak,T"]
[Result "0-1"]
[WhiteElo "2130"]
[BlackElo "2319"]
[EventDate "2003.07.09"]

1. e4 c5 2. Nc3 a6 3. g3 b5 4. Bg2 Bb7 5. d3 e6 6. f4 d5 7. Qe2 Nc6 8. Nf3
Be7 9. O-O dxe4 10. Nxe4 Nh6 11. Ne5 O-O 12. Nxc6 Bxc6 13. Nf6+ Bxf6 14.
Bxc6 Rc8 15. Be4 Nf5 16. c3 b4 17. Bd2 Nd6 18. a4 bxc3 19. Bxc3 Bd4+ 20.
Kh1 Qb6 21. Rac1 Rfd8 22. Qe1 Nxe4 23. Qxe4 h6 24. h3 Bxc3 25. bxc3 Rd5 26.
a5 Qc6 27. Kh2 Qd7 28. Rfd1 Rd8 29. Rb1 Rxd3 30. Qxd3 Qxd3 31. Rxd3 Rxd3
32. Rb6 Rxc3 33. Rxa6 Rc2+ 34. Kg1 Ra2 35. Ra8+ Kh7 36. a6 c4 37. Rc8 Rxa6
38. Rxc4 Ra2 39. Rc5 Kg6 40. Rb5 Kf6 41. Rh5 Rd2 42. Ra5 g5 43. fxg5+ hxg5
44. Rb5 Kg6 45. g4 f5 46. Rb6 Kf6 47. gxf5 Kxf5 48. Rb4 e5 49. h4 g4 50. h5
Rd6 51. Kg2 Rd2+ 52. Kg1 Rd6 53. Kg2 e4 54. Rb8 Kg5 55. Re8 Rd2+ 56. Kf1
Kf4 57. h6 Rh2 58. Rf8+ Ke3 59. Rg8 Rxh6 60. Kg2 Kf4 61. Rf8+ Kg5 62. Re8
Kf5 63. Rf8+ Rf6 64. Ra8 Kf4 65. Ra4 Rb6 66. Ra8 Rb2+ 67. Kf1 g3 68. Rf8+
Ke3 69. Rg8 g2+ 70. Kg1 Rd2 71. Rg7 Kd3 72. Rd7+ Ke2 73. Re7 e3 74. Kxg2
Ke1+ 75. Kf3 Rf2+ 76. Kg3 e2 77. Re8 Rf7 78. Kg2 Rf4 79. Kg3 Rd4 80. Kf3
Rd3+ 81. Kg2 Kd1 82. Kf2 Rd2 0-1

[Event "13th S&WYM"]
[Site "Millfield School ENG"]
[Date "2003.07.10"]
[Round "2"]
[White "Dearing,E"]
[Black "Palliser,R"]
[Result "1-0"]
[WhiteElo "2367"]
[BlackElo "2438"]
[EventDate "2003.07.09"]

1. c4 g6 2. d4 Bg7 3. e4 d6 4. Nc3 Nf6 5. h3 O-O 6. Bg5 Na6 7. Bd3 e5 8. d5
Bd7 9. Nge2 c6 10. O-O cxd5 11. cxd5 Nc5 12. Bc2 a5 13. a3 a4 14. Qd2 Qb6
15. Ng3 Bb5 16. Rfc1 Rfc8 17. Be3 Nfd7 18. Rab1 Qa5 19. Nxb5 Qxb5 20. Bd1
Nb3 21. Bxb3 axb3 22. Rc3 Rxc3 23. Qxc3 Nb6 24. Rc1 h5 25. Bxb6 Qxb6 26.
Qc7 Qxc7 27. Rxc7 Ra4 28. f3 Bh6 29. Rxb7 Be3+ 30. Kf1 Rc4 31. Rxb3 Rc1+
32. Ke2 Bf4 33. Nf1 Rc2+ 34. Ke1 Rxg2 35. a4 Rc2 36. a5 Rc1+ 37. Ke2 Rc5
38. Rb8+ Kg7 39. b4 Rc2+ 40. Kd3 Rf2 41. a6 Rxf3+ 42. Ke2 Ra3 43. b5 f5 44.
exf5 gxf5 45. Rb7+ Kf6 46. a7 e4 47. b6 Ra2+ 48. Ke1 Ra1+ 49. Kf2 Ra2+ 50.
Kg1 Ra1 51. Rb8 Be3+ 52. Kg2 Ra2+ 53. Kh1 Ra1 54. Rf8+ Ke5 55. a8=Q Rxf1+
56. Kg2 Rf2+ 57. Kg3 Rf3+ 58. Kh4 Kf4 59. b7 1-0

[Event "13th S&WYM"]
[Site "Millfield School ENG"]
[Date "2003.07.10"]
[Round "2"]
[White "Mah,K"]
[Black "Pinter,G"]
[Result "1/2-1/2"]
[WhiteElo "2418"]
[BlackElo "2376"]
[EventDate "2003.07.09"]

1. e4 c5 2. Nf3 e6 3. c4 Nc6 4. Nc3 Nd4 5. Nxd4 cxd4 6. Ne2 e5 7. Ng3 g6 8.
Be2 h5 9. O-O Bh6 10. d3 Bf4 11. Re1 d6 12. Bxf4 exf4 13. Nf1 Ne7 14. Qa4+
Kf8 15. Rac1 Nc6 16. c5 Qg5 17. Kh1 dxc5 18. Qb5 a6 19. Qxc5+ Qxc5 20. Rxc5
Be6 21. a3 Rc8 22. Nd2 b6 23. Rc2 Ke7 24. Rec1 Ne5 25. g3 g5 26. Rxc8 Rxc8
27. Rxc8 Bxc8 28. gxf4 gxf4 29. Kg2 h4 30. Nf3 h3+ 31. Kf1 Nxf3 32. Bxf3
Kd6 33. Ke2 Ke5 34. Bh5 f6 35. Kf3 f5 36. Bg6 fxe4+ 37. Bxe4 a5 38. Ke2 Bd7
39. Kd2 Bf5 1/2-1/2

[Event "13th S&WYM"]
[Site "Millfield School ENG"]
[Date "2003.07.10"]
[Round "2"]
[White "Dvorak,T"]
[Black "Haslinger,S"]
[Result "1/2-1/2"]
[WhiteElo "2319"]
[BlackElo "2414"]
[EventDate "2003.07.09"]

1. e4 e5 2. Nf3 Nc6 3. Bb5 a6 4. Ba4 Nf6 5. Qe2 b5 6. Bb3 Bc5 7. c3 O-O 8.
d3 h6 9. O-O Re8 10. h3 d5 11. Nbd2 d4 12. Rd1 Qd6 13. Nf1 Bd7 14. Ng3 Reb8
15. Nh4 Ne7 16. Qf3 a5 17. a3 a4 18. Ba2 Be6 19. Bxh6 gxh6 20. Qxf6 Bxa2
21. Qxd6 Bxd6 22. Rxa2 c5 23. Nhf5 Nxf5 24. Nxf5 Bf8 25. cxd4 exd4 26. Rc1
b4 27. Rc4 bxa3 1/2-1/2

[Event "13th S&WYM"]
[Site "Millfield School ENG"]
[Date "2003.07.10"]
[Round "2"]
[White "Antal,Ge"]
[Black "Prokopchuk,E"]
[Result "0-1"]
[WhiteElo "2475"]
[BlackElo "2504"]
[EventDate "2003.07.09"]

1. e4 d6 2. d4 Nf6 3. Nc3 e5 4. dxe5 dxe5 5. Qxd8+ Kxd8 6. Bc4 Be6 7. Bxe6
fxe6 8. Be3 Nc6 9. O-O-O+ Bd6 10. f3 Ke7 11. Nh3 a6 12. a3 h6 13. Nf2 Nh5
14. Nd3 Rhb8 15. Ne2 b5 16. Kb1 Rf8 17. Ka2 Nf4 18. Bxf4 exf4 19. Rc1 Rab8
20. b4 a5 21. c3 Ra8 22. Kb3 e5 23. c4 axb4 24. axb4 Nxb4 25. Nxb4 bxc4+
26. Rxc4 Rfb8 27. Rhc1 Ke6 28. Nc3 c5 29. Ncd5 Ra5 30. Kb2 cxb4 31. Rc8 Rb7
32. Re8+ Kf7 33. Rd8 Bc5 34. Kb3 Be3 35. Kc4 Bd4 36. Rb1 b3 37. Nb4 Rc7+
38. Kd3 b2 39. Rd6 Rc1 40. Rd7+ Kg6 0-1

[Event "13th S&WYM"]
[Site "Millfield School ENG"]
[Date "2003.07.10"]
[Round "2"]
[White "Trent,L"]
[Black "Bigg,A"]
[Result "1/2-1/2"]
[WhiteElo "2299"]
[BlackElo "2287"]
[EventDate "2003.07.09"]

1. e4 e6 2. d4 d5 3. Nd2 c5 4. Ngf3 Nc6 5. exd5 exd5 6. Bb5 Bd6 7. dxc5
Bxc5 8. Nb3 Bd6 9. O-O Nge7 10. c3 O-O 11. Bd3 h6 12. h3 Nf5 13. Bc2 Be6
14. Qd3 Qf6 15. Nbd4 Ncxd4 16. Nxd4 g6 17. Nxe6 fxe6 18. Bd2 Kg7 19. Rae1
Rf7 20. Bb3 Rd8 21. c4 Be5 22. cxd5 Bxb2 23. g4 Nd4 24. Bd1 Rxd5 25. Qe3 g5
26. Kg2 Nc6 27. Bb3 Re5 28. Qg3 Rxe1 29. Rxe1 Nd4 30. Bd1 Ba3 31. Bc3 Bc5
32. Bb3 Re7 33. Qe5 b6 34. Bc4 Qxe5 35. Rxe5 Kf6 36. Re1 e5 37. h4 Rc7 38.
hxg5+ hxg5 39. Bd3 Bd6 40. Bb2 Ne6 41. Bf5 Ng7 42. Be4 Rc4 43. f3 Ra4 44.
Bd5 Ne6 45. Bb3 Nf4+ 46. Kf1 Ra5 47. Rd1 Ke7 48. Rd2 Ba3 49. Bxa3+ Rxa3 50.
Rh2 a5 51. Rh8 a4 52. Ra8 Kd6 53. Rxa4 Rxa4 54. Bxa4 Kc5 55. Ke1 Kb4 56.
Bc6 Kc3 57. Kf2 Kd2 58. Bb5 Nd3+ 59. Kf1 Ke3 60. a4 e4 61. fxe4 Kxe4 62.
Kg2 Nf4+ 63. Kf2 Ne6 64. Kg3 Ke3 65. Bd7 Nc5 66. Bc6 Ne4+ 67. Kg2 Kf4 68.
Kf1 Nc5 69. Ke2 Kxg4 70. Ke3 Kf5 71. Kd4 g4 72. Kc4 g3 73. a5 Ne4 74. Bxe4+
Kxe4 75. a6 g2 76. a7 g1=Q 77. a8=Q+ Ke3 78. Qa3+ Kf4 1/2-1/2

[Event "13th S&WYM"]
[Site "Millfield School ENG"]
[Date "2003.07.10"]
[Round "2"]
[White "Buckley,Si"]
[Black "Nixon,T"]
[Result "1/2-1/2"]
[WhiteElo "2267"]
[BlackElo "2226"]
[EventDate "2003.07.09"]

1. e4 e5 2. Nf3 Nc6 3. Bc4 Nf6 4. d3 Be7 5. O-O d6 6. Bb3 O-O 7. c3 Bg4 8.
h3 Bh5 9. Nbd2 Nd7 10. Re1 Nc5 11. Bc2 Ne6 12. Nf1 Ng5 13. Bxg5 Bxg5 14.
Ng3 Bxf3 15. Qxf3 g6 16. Rad1 Qf6 17. Qxf6 Bxf6 18. Ne2 Rad8 19. f4 d5 20.
fxe5 Nxe5 21. exd5 Rxd5 22. d4 Nc6 23. Rf1 Bg7 24. Ng3 Rb5 25. b4 Rb6 26.
Rde1 f5 27. Bb3+ Kh8 28. Re6 Nd8 29. Re7 1/2-1/2

[Event "13th S&WYM"]
[Site "Millfield School ENG"]
[Date "2003.07.10"]
[Round "2"]
[White "Gordon,S"]
[Black "Addison,B"]
[Result "1-0"]
[WhiteElo "2216"]
[BlackElo "2251"]
[EventDate "2003.07.09"]

1. c4 c5 2. g3 g6 3. Nf3 Nc6 4. Bg2 Bg7 5. O-O e5 6. Nc3 Nge7 7. d3 O-O 8.
Ne1 d6 9. Nc2 Be6 10. Ne3 Rb8 11. Ned5 a6 12. a4 a5 13. Bg5 f6 14. Bd2 Nb4
15. Nxe7+ Qxe7 16. Nb5 f5 17. Bxb4 axb4 18. Qb3 f4 19. a5 Ra8 20. a6 Rxa6
21. Ra4 g5 22. Be4 Qd7 23. Qc2 Rf6 24. Rfa1 Rb6 25. Ra8+ Bf8 26. Qa4 fxg3
27. fxg3 Bh3 28. Qa7 Ra6 29. Qxb7 Qxb7 30. Bxb7 Rxa8 31. Bxa8 Kg7 32. Bg2
Bxg2 33. Kxg2 Rf7 34. g4 Kf6 35. Rf1+ Ke6 36. Rxf7 Kxf7 37. Nc7 Be7 38. b3
Bd8 39. Nd5 Ke6 40. Kf3 Ba5 41. Ke4 Bd8 42. Ne3 Be7 43. Nf5 Bf6 44. e3 Bh8
45. d4 exd4 46. exd4 cxd4 47. Nxd4+ Kf7 48. Kd5 Be5 49. h3 Bf4 50. Nf5 1-0

[Event "13th S&WYM"]
[Site "Millfield School ENG"]
[Date "2003.07.11"]
[Round "3"]
[White "Dearing,E"]
[Black "Hanley,C"]
[Result "1/2-1/2"]
[WhiteElo "2367"]
[BlackElo "2387"]
[EventDate "2003.07.09"]

1. c4 e5 2. Nc3 Nf6 3. Nf3 Nc6 4. e3 Bb4 5. Qc2 O-O 6. Nd5 Re8 7. Qf5 d6 8.
Nxf6+ gxf6 9. Qh5 d5 10. a3 Bf8 11. d4 Bg7 12. cxd5 Qxd5 13. Bd3 f5 14.
Bxf5 Bxf5 15. Qxf5 Ne7 16. Qg4 exd4 17. O-O h5 18. Qf4 c5 19. e4 Qe6 20.
Qg5 Rac8 21. Qxh5 Qxe4 22. Qxf7+ Kxf7 23. Ng5+ Kg6 24. Nxe4 Rc6 25. Bd2 Nd5
26. f3 1/2-1/2

[Event "13th S&WYM"]
[Site "Millfield School ENG"]
[Date "2003.07.11"]
[Round "3"]
[White "Jones,G"]
[Black "Broomfield,M"]
[Result "1-0"]
[WhiteElo "2347"]
[BlackElo "2249"]
[EventDate "2003.07.09"]

1. e4 e6 2. d3 d5 3. Qe2 Nc6 4. Nf3 e5 5. exd5 Qxd5 6. Nc3 Bb4 7. Bd2 Bxc3
8. Bxc3 Bg4 9. Qe4 Bxf3 10. Qxf3 Qxf3 11. gxf3 f6 12. Rg1 Kf7 13. O-O-O Rd8
14. f4 exf4 15. Rg4 g5 16. Rxg5 fxg5 17. Bxh8 Nh6 18. Bc3 Ng4 19. Be2 Nf6
20. Rg1 Kg6 21. Bf3 h5 22. h3 Nd5 23. Be4+ Kh6 24. Bg7+ Kxg7 25. Rxg5+ Kf6
26. Rxd5 Rxd5 27. Bxd5 Kg5 28. Kd1 Kh4 29. Bg2 Nd4 30. c3 Ne6 31. Ke2 Ng5
32. Bxb7 Kxh3 33. Kf1 Kg4 34. Bc8+ Kf3 35. a4 h4 36. b4 h3 37. b5 h2 38.
Bb7+ Kg4 39. Kg2 f3+ 40. Kxh2 Kf4 41. d4 Nf7 42. c4 Nd6 43. Bd5 Nf5 44. Kg1
Nxd4 45. Kf1 Nb3 46. Ke1 Nc5 47. a5 Nd3+ 48. Kd2 Nxf2 49. c5 Ng4 50. Bxf3
Ne3 51. Bh1 Nc4+ 52. Kc3 Ne5 53. b6 cxb6 54. cxb6 axb6 55. a6 1-0

[Event "13th S&WYM"]
[Site "Millfield School ENG"]
[Date "2003.07.11"]
[Round "3"]
[White "Bigg,A"]
[Black "Jasny,S"]
[Result "1-0"]
[WhiteElo "2287"]
[BlackElo "2319"]
[EventDate "2003.07.09"]

1. d4 Nf6 2. Nf3 g6 3. Nc3 d5 4. Bf4 Bg7 5. e3 O-O 6. Be2 c6 7. Ne5 Be6 8.
h4 Nbd7 9. h5 Nxe5 10. Bxe5 Ne4 11. hxg6 hxg6 12. Nxe4 dxe4 13. Bxg7 Kxg7
14. Qd2 Qd6 15. Qc3 f6 16. O-O-O Rh8 17. f4 exf3 18. gxf3 Rxh1 19. Rxh1 Rh8
20. Rxh8 Kxh8 21. a3 Kg7 22. e4 Qf4+ 23. Qd2 Qxd2+ 24. Kxd2 Kh6 25. Ke3 Kg5
26. c4 Bd7 27. b4 e5 28. d5 b6 29. c5 bxc5 30. bxc5 f5 31. Ba6 cxd5 32.
exd5 f4+ 33. Kf2 1-0

[Event "13th S&WYM"]
[Site "Millfield School ENG"]
[Date "2003.07.11"]
[Round "3"]
[White "Sinkevich,P"]
[Black "Buckley,M"]
[Result "1-0"]
[WhiteElo "2313"]
[BlackElo "2130"]
[EventDate "2003.07.09"]

1. c4 b6 2. e4 Bb7 3. Nc3 e6 4. Nge2 Ne7 5. d4 d5 6. cxd5 exd5 7. e5 c6 8.
g3 Na6 9. Bg2 Nc7 10. Bg5 h6 11. Bxe7 Bxe7 12. O-O h5 13. Nf4 h4 14. Re1
Rh6 15. Rc1 Bg5 16. Qf3 Bxf4 17. Qxf4 Ne6 18. Qd2 hxg3 19. fxg3 Qg5 20.
Qxg5 Nxg5 21. b4 Ne6 22. Red1 a6 23. a4 b5 24. Ra1 Kd7 25. axb5 axb5 26.
Rxa8 Bxa8 27. Bf3 Kc7 28. Bg4 Nd8 29. Rc1 Kb6 30. Kg2 Bb7 31. h4 Rh8 32.
Ne2 f6 33. exf6 gxf6 34. Rf1 Rh6 35. Nf4 f5 36. Bxf5 Nf7 37. Bg6 Nd6 38. h5
Bc8 39. Kf3 Nc4 40. Rf2 Nd6 41. g4 Ne4 42. Re2 1-0

[Event "13th S&WYM"]
[Site "Millfield School ENG"]
[Date "2003.07.11"]
[Round "3"]
[White "Addison,B"]
[Black "Buckley,Si"]
[Result "0-1"]
[WhiteElo "2251"]
[BlackElo "2267"]
[EventDate "2003.07.09"]

1. d4 Nf6 2. c4 e6 3. Nc3 Bb4 4. e3 b6 5. Nge2 Ne4 6. Bd2 Nxd2 7. Qxd2 O-O
8. a3 Be7 9. g3 c6 10. d5 d6 11. Bg2 cxd5 12. cxd5 e5 13. f4 Nd7 14. b4 Re8
15. O-O a6 16. a4 a5 17. Nb5 axb4 18. Qxb4 Ba6 19. Nec3 exf4 20. exf4 Nc5
21. Rfd1 Bf6 22. Rab1 Bxb5 23. axb5 Re3 24. Ne4 Rxe4 25. Bxe4 Ra4 26. Bxh7+
Kxh7 27. Qe1 Bd4+ 28. Kg2 Qa8 29. Qe7 Qxd5+ 30. Kh3 Qf5+ 31. Kg2 Ra2+ 32.
Kf3 Qh5+ 0-1

[Event "13th S&WYM"]
[Site "Millfield School ENG"]
[Date "2003.07.12"]
[Round "4"]
[White "Mah,K"]
[Black "Dearing,E"]
[Result "1/2-1/2"]
[WhiteElo "2418"]
[BlackElo "2367"]
[EventDate "2003.07.09"]

1. e4 e5 2. Nf3 Nc6 3. Bb5 a6 4. Ba4 Nf6 5. O-O Be7 6. Re1 b5 7. Bb3 O-O 8.
c3 d5 9. exd5 Nxd5 10. Nxe5 Nxe5 11. Rxe5 c6 12. d4 Bd6 13. Re1 Qh4 14. g3
Qh3 15. Re4 g5 16. Qe2 f5 17. Bxd5+ cxd5 18. Re6 f4 19. Rxd6 Bg4 20. Qf1
Qxf1+ 21. Kxf1 Rae8 22. Bd2 Bh3+ 23. Kg1 fxg3 24. hxg3 Re2 25. Be3 Rxe3 26.
fxe3 Rf1+ 27. Kh2 g4 28. Rxa6 Rf2+ 29. Kh1 Rf1+ 30. Kh2 Rf2+ 31. Kh1 Rf1+
1/2-1/2

[Event "13th S&WYM"]
[Site "Millfield School ENG"]
[Date "2003.07.12"]
[Round "4"]
[White "Antal,Ge"]
[Black "Haslinger,S"]
[Result "1-0"]
[WhiteElo "2475"]
[BlackElo "2414"]
[EventDate "2003.07.09"]

1. e4 e5 2. Nf3 Nc6 3. Nc3 Nf6 4. g3 d5 5. exd5 Nxd5 6. Bg2 Nxc3 7. bxc3
Bc5 8. O-O O-O 9. d3 Bg4 10. h3 Bh5 11. Rb1 Bb6 12. Ba3 Re8 13. g4 Bg6 14.
Nd2 Qh4 15. c4 Rab8 16. c5 Ba5 17. Nc4 e4 18. Nxa5 Nxa5 19. Qe1 Nc6 20. f4
Qxe1 21. Rfxe1 f6 22. f5 Bf7 23. Rxe4 Rxe4 24. Bxe4 Nd4 25. c4 Ne2+ 26. Kg2
Nc3 27. Rxb7 Rxb7 28. Bxb7 Nxa2 29. c6 Be8 30. d4 a5 31. d5 Nb4 32. Bxb4
axb4 33. d6 cxd6 34. c7 Bd7 35. c8=Q+ Bxc8 36. Bxc8 g6 37. Kf3 Kg7 38. Ke4
h5 39. fxg6 hxg4 40. hxg4 Kxg6 41. Kd5 1-0

[Event "13th S&WYM"]
[Site "Millfield School ENG"]
[Date "2003.07.12"]
[Round "4"]
[White "Dvorak,T"]
[Black "Palliser,R"]
[Result "1-0"]
[WhiteElo "2319"]
[BlackElo "2438"]
[EventDate "2003.07.09"]

1. e4 c5 2. Nf3 Nc6 3. d4 cxd4 4. Nxd4 e5 5. Nb5 a6 6. Nd6+ Bxd6 7. Qxd6
Qf6 8. Qd1 Qg6 9. Nc3 d5 10. Nxd5 Qxe4+ 11. Ne3 Nf6 12. Bd3 Qh4 13. O-O O-O
14. b3 Rd8 15. Qe1 e4 16. Be2 Nd4 17. Bb2 Bg4 18. Bxd4 Rxd4 19. Rd1 Rxd1
20. Qxd1 Bxe2 21. Qxe2 Rd8 22. Rd1 Ne8 23. g3 Rxd1+ 24. Qxd1 Qe7 25. Qd4
Nf6 26. c4 Qd7 27. Qe5 h5 28. h4 Qc6 29. Nd5 Nxd5 30. cxd5 Qc2 31. Qe8+ Kh7
32. Qxf7 Qe2 33. Qf5+ g6 34. Qf7+ Kh6 35. Qf6 Kh7 36. Qf7+ Kh6 37. Kg2 Qd3
38. Qf6 Kh7 39. Qf7+ Kh6 40. Qf4+ Kh7 41. d6 Qd5 42. Kh2 Kg7 43. d7 Qxd7
44. Qxe4 Kf6 45. Qf4+ Kg7 46. Qe5+ Kh7 47. Qf6 Qd5 48. Kg1 Qe4 49. Qf7+ Kh8
50. Kh2 Qc6 51. Kg1 Qe4 52. Kf1 Qh1+ 53. Ke2 Qe4+ 54. Kd2 Qd4+ 55. Kc2 Qc5+
56. Kd3 Qb5+ 57. Kd4 Qb6+ 58. Ke5 Qc5+ 59. Ke6 Qc6+ 60. Ke7 Qc5+ 61. Kd8
Qd6+ 62. Kc8 b5 1-0

[Event "13th S&WYM"]
[Site "Millfield School ENG"]
[Date "2003.07.12"]
[Round "4"]
[White "Jasny,S"]
[Black "Sinkevich,P"]
[Result "0-1"]
[WhiteElo "2319"]
[BlackElo "2313"]
[EventDate "2003.07.09"]

1. e4 c5 2. Nf3 Nc6 3. d4 cxd4 4. Nxd4 Nf6 5. Nc3 e5 6. Ndb5 d6 7. Bg5 a6
8. Na3 b5 9. Bxf6 gxf6 10. Nd5 Bg7 11. c3 f5 12. exf5 Bxf5 13. Nc2 O-O 14.
Nce3 Be6 15. Bd3 f5 16. O-O Kh8 17. Qh5 e4 18. Bc2 Ne7 19. Rad1 Be5 20. f4
Bg7 21. Bb3 Nc6 22. Kh1 Na5 23. Bc2 Nc4 24. g4 Nxb2 25. Rd2 Nc4 26. Rg2
Nxe3 27. Nxe3 Qe8 28. Qh4 Bxc3 29. gxf5 Bxa2 30. Rfg1 Bd4 31. Rg3 Ra7 32.
f6 Bxf6 33. Qh6 Bd4 34. Qxd6 Qd8 35. Qa3 Be6 36. Rd1 Rd7 37. f5 Bxe3 38.
Rxd7 Bxd7 39. Bb3 Bd4 40. Qxa6 Bxf5 0-1

[Event "13th S&WYM"]
[Site "Millfield School ENG"]
[Date "2003.07.12"]
[Round "4"]
[White "Broomfield,M"]
[Black "Nixon,T"]
[Result "1-0"]
[WhiteElo "2249"]
[BlackElo "2226"]
[EventDate "2003.07.09"]

1. Nf3 e6 2. c4 f5 3. g3 Nf6 4. Bg2 Be7 5. O-O O-O 6. d4 d6 7. Nc3 Ne4 8.
Nd2 Nxc3 9. bxc3 Bf6 10. Rb1 c6 11. Ba3 Qc7 12. e4 Rd8 13. Qb3 a5 14. Rfe1
g6 15. exf5 a4 16. Qc2 gxf5 17. c5 d5 18. Nf3 Re8 19. Bc1 Qg7 20. Rb4 Nd7
21. Bf4 a3 22. Ra4 Rxa4 23. Qxa4 e5 24. Nxe5 Bxe5 25. dxe5 Qe7 26. Qxa3
Nxc5 27. Bg5 Qf8 28. Bh6 Qe7 29. Bf1 Be6 30. f3 b5 31. Kg2 Na4 32. Qc1 Qf7
33. Bd3 Qh5 34. Bf4 Ra8 35. h3 Nc5 36. Bb1 Ra4 37. Qe3 Nd7 38. g4 Qf7 39.
Kg3 Nf8 40. Bh6 Kh8 41. Bg5 Kg8 42. gxf5 Bxf5 43. Bxf5 Qxf5 44. e6 d4 45.
cxd4 Ra3 46. Qf4 Rxf3+ 47. Kxf3 Qxh3+ 48. Qg3 Qh5+ 49. Qg4 1-0

[Event "13th S&WYM"]
[Site "Millfield School ENG"]
[Date "2003.07.12"]
[Round "4"]
[White "Buckley,M"]
[Black "Addison,B"]
[Result "1/2-1/2"]
[WhiteElo "2130"]
[BlackElo "2251"]
[EventDate "2003.07.09"]

1. e4 e5 2. Bc4 Nf6 3. d3 Nc6 4. Nf3 Be7 5. O-O O-O 6. Re1 d6 7. a4 Na5 8.
Ba2 c5 9. c3 Nc6 10. Nbd2 Be6 11. Nf1 h6 12. Ng3 Re8 13. Bd2 Bf8 14. b4 Rc8
15. b5 Nb8 16. Bxe6 fxe6 17. Rc1 Nbd7 18. d4 Qc7 19. dxe5 Nxe5 20. Nxe5
dxe5 21. c4 Be7 22. Qe2 Rcd8 23. Rcd1 Rd7 24. Bc3 1/2-1/2

[Event "13th S&WYM"]
[Site "Millfield School ENG"]
[Date "2003.07.13"]
[Round "5"]
[White "Prokopchuk,E"]
[Black "Dearing,E"]
[Result "1-0"]
[WhiteElo "2504"]
[BlackElo "2367"]
[EventDate "2003.07.09"]

1. e4 c6 2. d4 d5 3. exd5 cxd5 4. c4 Nf6 5. Nc3 e6 6. Nf3 Bb4 7. cxd5 Nxd5
8. Bd2 Nc6 9. Bd3 Be7 10. O-O O-O 11. Rc1 Ndb4 12. Bf4 Nxd3 13. Qxd3 b6 14.
Rfd1 Bb7 15. a3 Bf6 16. d5 Ne7 17. d6 Nd5 18. Nxd5 Bxd5 19. b4 Qd7 20. Rc7
Qa4 21. Ng5 Bxg5 22. Bxg5 f6 23. Bf4 Rac8 24. Rdc1 Rxc7 25. dxc7 Rc8 26. h3
Qd7 27. Bg3 Qa4 28. Kh2 Kf7 29. Rc3 h6 30. Bf4 Qd7 31. Qh7 Bb7 32. Rg3 Rg8
33. Bxh6 Qxc7 34. Qg6+ Ke7 35. Bxg7 1-0